Normal view
MARC view
Entry Personal Name
001 - CONTROL NUMBER
- control field: 28331
003 - CONTROL NUMBER IDENTIFIER
- control field: dpl
005 - DATE AND TIME OF LATEST TRANSACTION
- control field: 20110531121203.0
008 - FIXED-LENGTH DATA ELEMENTS
- fixed length control field: 110531|||a|||||| | ||| d
040 ## - CATALOGING SOURCE
- Original cataloging agency: dpl
- Transcribing agency: dpl
100 ## - HEADING--PERSONAL NAME
- Personal name: Lakhotia, R.N.
670 ## - SOURCE DATA FOUND
- Source citation: Work cat.: (dpl)42845: Lakhotia, R.N., Be smart know your income tax 2010 /, 2010
670 ## - SOURCE DATA FOUND
- Source citation: Work cat.: (dpl)42845: Lakhotia, R.N., Be smart know your income tax 2010 /, 2010
